Normal view
MARC view
Entry Personal Name
001 - CONTROL NUMBER
- control field: 89076
003 - CONTROL NUMBER IDENTIFIER
- control field: dpl
005 - DATE AND TIME OF LATEST TRANSACTION
- control field: 20260514103122.0
008 - FIXED-LENGTH DATA ELEMENTS
- fixed length control field: 260514|| aca||aabn | a|a d
040 ## - CATALOGING SOURCE
- Original cataloging agency: dpl
- Transcribing agency: dpl
100 ## - HEADING--PERSONAL NAME
- Personal name: Kazi, Faraaz
670 ## - SOURCE DATA FOUND
- Source citation: Work cat.: (dpl)216148: Kazi, Faraaz, Truly, Madly, Deeply!/, 2024
